000 00441nam a2200157 4500
001 137629
003 ES-MaACL
005 20230906195418.0
007 t|
008 070214s1964 sp r ||||1| spa d
100 1 _aSalcedo, Emilio.
_9101838
245 1 0 _aRelatos y paisajes /
_cEmilio Salcedo.
260 _aSalamanca :
_b[s. n.],
_c1964 (
_fTall. Gráf. Cervantes)
300 _a151 p. ;
_c22 cm.
852 _aES-MaACL
_jC-25011
_bR.53728
999 _c137629
_d137629